000 00476nam a2200145Ia 4500
008 170224s9999 xx 000 0 und d
100 _aJosep Bisbe
245 _aHow control systems influence product innovation processes: examining the role of entrepreneurial orientation
245 _cJosep Bisbe & Ricardo MalagueƱo
260 _bAccounting and Business Research
260 _c2015
300 _a45:3, pages 356-386
650 _xAccountancy
650 _xAccounting
999 _c316098
_d316098